000 00697nam a22002057a 4500
999 _c13894
_d13894
003 AR-CdUCM
008 190416b ||||| |||| 00| 0 spa d
040 _aMUNICIPALIDAD PROVINCIAL DEL CUSCO
_cBIBLIOTECA MUNICIPAL DEL CUSCO
082 _aC / 709.85 /
_bG96
100 _aGutierrez, Julio G.
_932500
245 _aPortadas y balcones del Cuzco /
260 _aCuzco :
_bInstituto Americano de Arte,
_c1952.
300 _a14 páginas ;
_c24.5 cm.
505 _aLa arquitectura civil en la colonia -- Las casas solariegas -- Ajimeces y balcones...
650 _aCusco.
_9772
650 _aArquitectura.
_93356
650 _aBalcones.
_932501
942 _2ddc
_cLIBROS
945 _awfj
_d2019-04-16